000 01850cam a2200133 4500500
005 20260329023158.0
041 _afre
042 _adc
100 1 0 _aVentura, Christophe
_eauthor
245 0 0 _aL'éveil d'un continent : Géopolitique de l’Amérique latine et de la Caraibe
260 _bArmand Colin,
_c2014.
520 _aTerre d’avenir puis de promesses déçues, l’Amérique latine constitue désormais un pôle de puissance incontournable dans le monde. Riche d’immenses ressources naturelles et énergétiques, elle contribue à la diversification des flux d’échanges commerciaux, financiers et humains.Cette dynamique inédite sert le développement d’un projet géopolitique de coopération Sud/Sud qui consacre l’avènement progressif d’un monde multipolaire dont l’Asie sera le principal moteur et où la Chine disputera la prééminence aux États-Unis.L’Amérique latine, longtemps considérée comme l’«extrême Occident», se libère ainsi progressivement de son ancrage européen ; elle renforce les formes de son intégration régionale pour peser significativement dans les affaires du monde.Quels sont les contours de cette nouvelle modernité latino-américaine ? Où se situent les points de rupture et les éléments de continuité avec le passé ? L’axe Sud/Sud offre-t-il une alternative au système mondial actuel ? Les expériences politiques et démocratiques progressistes en cours dans plusieurs pays sont-elles durables ? Les États-Unis et l’Europe sont-ils disposés à laisser le champ libre à la Chine dans la région ?Approfondir l’ensemble de ces problématiques, telle est l’intention de cet ouvrage.
856 4 1 _uhttps://shs.cairn.info/leveil-dun-continent--9782200291167?lang=fr&redirect-ssocas=7080
999 _c1925279
_d1925279